| 000 | 00707nam a2200205Ia 4500 | ||
|---|---|---|---|
| 003 | GCL | ||
| 008 | 140319s9999 xx 000 0 ara d | ||
| 040 |
_aGCL / _cGCL |
||
| 082 | 0 | 4 |
_a930 _bم ت |
| 100 | 1 | _aمحمد بيومى مهران | |
| 245 | 1 | 0 |
_aتاريخ العرب القديم ج2 / _cمحمد بيومى مهران |
| 260 |
_aالقاهرة : _bدار المعرفة الجامعية ، _c1995 |
||
| 300 |
_a583ص ؛ _c24سم |
||
| 490 |
_aمصر و الشرق الادنى القديم _v7 |
||
| 650 | 0 | 4 | _aمصر القديمة |
| 650 | 0 | 4 | _aالحضارة الفرعونية |
| 650 | 0 | 4 | _aالشرق القديم |
| 650 | 0 | 4 | _aالعالم العربى - تاريخ |
| 942 |
_2ddc _cBK |
||
| 999 |
_c36546 _d36546 |
||